Urban environment design. (Record no. 3035)
[ view plain ]
| 000 -LEADER | |
|---|---|
| fixed length control field | 01377nam a22003855a 4500 |
| 003 - CONTROL NUMBER IDENTIFIER | |
| control field | EG-ScBUE |
| 005 - DATE AND TIME OF LATEST TRANSACTION | |
| control field | 20220918104033.0 |
| 008 - FIXED-LENGTH DATA ELEMENTS--GENERAL INFORMATION | |
| fixed length control field | 150827s2002 ko a f 000 0 eng d |
| 020 ## - INTERNATIONAL STANDARD BOOK NUMBER | |
| International Standard Book Number | 8987223574 (v.1) |
| 020 ## - INTERNATIONAL STANDARD BOOK NUMBER | |
| International Standard Book Number | 9788987223575 (v.1) |
| 020 ## - INTERNATIONAL STANDARD BOOK NUMBER | |
| International Standard Book Number | 9788987223582 (v.2) |
| 020 ## - INTERNATIONAL STANDARD BOOK NUMBER | |
| International Standard Book Number | 8987223582 (v.2) |
| 020 ## - INTERNATIONAL STANDARD BOOK NUMBER | |
| International Standard Book Number | 8987223590 (v.3) |
| 020 ## - INTERNATIONAL STANDARD BOOK NUMBER | |
| International Standard Book Number | 9788987223605 (v.4) |
| 020 ## - INTERNATIONAL STANDARD BOOK NUMBER | |
| International Standard Book Number | 8987223604 (v.4) |
| 020 ## - INTERNATIONAL STANDARD BOOK NUMBER | |
| International Standard Book Number | 8987223605 (v.5) |
| 040 ## - CATALOGING SOURCE | |
| Original cataloging agency | EG-ScBuE |
| Language of cataloging | eng |
| Description conventions | rda |
| Transcribing agency | EG-ScBuE |
| Modifying agency | EG-ScBUE |
| 082 04 - DEWEY DECIMAL CLASSIFICATION NUMBER | |
| Classification number | 711.409519 |
| Item number | URB |
| Edition number | 22 |
| 245 00 - TITLE STATEMENT | |
| Title | Urban environment design. |
| 264 #1 - PUBLICATION, DISTRIBUTION, ETC. (IMPRINT) | |
| Place of publication, distribution, etc | Seoul, Korea : |
| Name of publisher, distributor, etc | Archiworld, |
| Date of publication, distribution, etc | 2002. |
| 300 ## - PHYSICAL DESCRIPTION | |
| Extent | 5 volumes : |
| Other physical details | color illustrations ; |
| Dimensions | 31 cm |
| 336 ## - CONTENT TYPE | |
| Source | rdacontent |
| Content type term | text |
| Content type code | txt |
| 337 ## - MEDIA TYPE | |
| Source | rdamedia |
| Media type term | unmediated |
| Media type code | n |
| 338 ## - CARRIER TYPE | |
| Source | rdacarrier |
| Carrier type term | volume |
| Carrier type code | nc |
| 505 ## - FORMATTED CONTENTS NOTE | |
| Title | Design 1. Apartment -- Design 2. Park -- Design 3. Office / Station / Sports facilities -- Design 4. Exhibition / Education / Government facilities -- Design 5. Commercial facilities / Airport/ Bridge/ Street .Plaza. |
| 546 ## - LANGUAGE NOTE | |
| Language note | Text in Korean and English. |
| 590 ## - LOCAL NOTE (RLIN) | |
| Local note | yassmeen ashraf |
| 650 #7 - SUBJECT ADDED ENTRY--TOPICAL TERM | |
| Topical term or geographic name as entry element | Public spaces. |
| Source of heading or term | BUEsh |
| 9 (RLIN) | 24257 |
| 650 #7 - SUBJECT ADDED ENTRY--TOPICAL TERM | |
| Topical term or geographic name as entry element | Urban landscape architecture. |
| Source of heading or term | BUEsh |
| 9 (RLIN) | 11691 |
| 650 #7 - SUBJECT ADDED ENTRY--TOPICAL TERM | |
| Topical term or geographic name as entry element | Landscape design. |
| Source of heading or term | BUEsh |
| 651 ## - SUBJECT ADDED ENTRY--GEOGRAPHIC NAME | |
| Source of heading or term | BUEsh |
| 653 ## - INDEX TERM--UNCONTROLLED | |
| Resource For college | Engineering, General |
| Arrived date list | August2015 |
| 655 ## - INDEX TERM--GENRE/FORM | |
| Form subdivision | Reading book |
| 9 (RLIN) | 34232 |
| 942 ## - ADDED ENTRY ELEMENTS (KOHA) | |
| Koha item type | Book - Borrowing |
| Call number prefix | 711.409519 URB |
| Source of classification or shelving scheme | Dewey Decimal Classification |
| Withdrawn status | Lost status | Source of classification or shelving scheme | Damaged status | Not for loan | Home library | Current library | Shelving location | Date acquired | Source of acquisition | Total Checkouts | Total Renewals | Full call number | Barcode | Date last seen | Date checked out | Koha item type | Public note | Collection code | Price effective from |
|---|---|---|---|---|---|---|---|---|---|---|---|---|---|---|---|---|---|---|---|
| Dewey Decimal Classification | Central Library | Central Library | Second Floor | 07/03/2015 | Purchase | 4 | 3 | 711.409519 URB | 000001425 | 15/07/2025 | 25/11/2015 | Book - Borrowing | v.1 | ||||||
| Dewey Decimal Classification | Central Library | Central Library | Second Floor | 07/03/2015 | Purchase | 4 | 20 | 711.409519 URB | 000001423 | 15/07/2025 | 11/03/2013 | Book - Borrowing | V.3 | Alahram | 15/03/2007 | ||||
| Dewey Decimal Classification | Central Library | Central Library | Second Floor | 26/04/2007 | Purchase | 3 | 17 | 711.409519 URB | 000001049 | 11/02/2026 | 11/03/2013 | Book - Borrowing | v.5 | Alahram | 26/04/2007 | ||||
| Dewey Decimal Classification | Central Library | Central Library | Second Floor | 27/08/2015 | Purchase | 1 | 711.409519 URB | 000001424 | 15/07/2025 | 20/10/2019 | Book - Borrowing | v.2 | 27/08/2015 | ||||||
| Dewey Decimal Classification | Central Library | Central Library | Second Floor | 27/08/2015 | Purchase | 711.409519 URB | 000001028 | 11/02/2026 | Book - Borrowing | v.4 | 27/08/2015 |